| 000 | 01804cam a22001934a 4500 | ||
|---|---|---|---|
| 005 | 20250605164110.0 | ||
| 008 | 250528s ||||||||||||||||||||||||d | ||
| 035 | _a17871 | ||
| 020 | _a9789606030086 | ||
| 040 |
_aGR-AtMCL _bgre _dGR-AtMCL _eAACR2 |
||
| 245 | 1 | _aΔιοίκηση Ανθρώπινου Δυναμικού Τουριστικών Επιχειρήσεων | |
| 260 |
_bΕλληνικά Ακαδημαϊκά Συγγράμματα Και Βοηθήματα, _c2015 |
||
| 300 | _a260 | ||
| 520 | _aΔοίκηση Προσωπικού Τουριστικών Επιχειρήσεων, Ιστορική Ανασκόπηση στην Επιστήμη της Διοίκησης, Ιδιαιτερότητες των Σύγχρονων Επιχειρήσεων, Βασικές Έννοιες σχετικά με τη Διοίκηση Ανθρώπινου Δυναμικού, Οργανωσιακές Σχέσεις, Η Παραγωγικότητα της Εργασίας, Η Υπηρεσία Προσωπικού στις Τουριστικές Επιχειρήσεις, Ο Προγραμματισμός Ανθρώπινου Δυναμικού στις Τουριστικές Επιχειρήσεις, Αξιολόγηση Έργου Προσωπικού Τουριστικών Επιχειρήσεων, Η Σημασία της Εργασίας στην Ποιότητα Απόδοσης, Στελέχωση, Εκπαίδευση Προσωπικού στις Τουριστικές Επιχειρήσεις, Η Δυναμική της Ιεραρχίας, Αξιολόγηση Θέσεων Εργασίας στον Τουριστικό Κλάδο, Βιβλιογραφία. | ||
| 700 | 1 |
_aΛαλούμης Δημήτριος _94163 |
|
| 942 | _cBK | ||
| 999 |
_c3270 _d3270 |
||